[Event "Barcelona Sant Marti op-A 20th"]
[Site "Barcelona"]
[Date "2018.07.19"]
[Round "7"]
[White "Rusconi, Benito"]
[Black "Borrellas Comellas, Josep"]
[Result "1-0"]
[WhiteElo "1981"]
[BlackElo "2080"]
[PlyCount "77"]
[EventDate "2018.07.13"]
[EventType "swiss"]
[EventRounds "9"]
[EventCountry "ESP"]
[SourceTitle "CBM 185 Extra"]
[Source "ChessBase"]
[SourceDate "2018.07.29"]
[SourceVersion "1"]
[SourceVersionDate "2018.07.29"]
[SourceQuality "1"]

1. e4 e5 2. Nf3 Nc6 3. d4 exd4 4. Nxd4 Bc5 5. Nb3 Bb6 6. Nc3 Qf6 7. Qe2 Nd4 8. Nxd4 Qxd4 9. Be3 Qb4 10. 0-0-0 c6 11. Bxb6 axb6 12. Qg4 g6 13. Qf3 Qe7 14. Bc4 b5 15. Bb3 b4 16. Ne2 Qf6 17. Qg3 Ne7 18. Rd6 Qg7 19. Nf4 0-0 20. h4 Kh8 21. h5 g5 22. Nd3 h6 23. Ne5 Ra5 24. Nxd7 Bxd7 25. Rxd7 Re5 26. f3 b5 27. Rhd1 c5 28. Rd8 Rxd8 29. Rxd8+ Kh7 30. Bxf7 Qf6 31. Be8 Qf4+ 32. Qxf4 gxf4 33. Bxb5 Rxh5 34. Rd7 Re5 35. a4 Kg6 36. a5 Kf6 37. a6 Nc8 38. Rc7 Nb6 39. Rc6+ 1-0

[Event "Barcelona Sant Marti op-A 20th"]
[Site "Barcelona"]
[Date "2018.07.15"]
[Round "3"]
[White "Rusconi, Benito"]
[Black "Kadam, Om Manish"]
[Result "0-1"]
[WhiteElo "1981"]
[BlackElo "1836"]
[PlyCount "42"]
[EventDate "2018.07.13"]
[EventType "swiss"]
[EventRounds "9"]
[EventCountry "ESP"]
[SourceTitle "CBM 185 Extra"]
[Source "ChessBase"]
[SourceDate "2018.07.29"]
[SourceVersion "1"]
[SourceVersionDate "2018.07.29"]
[SourceQuality "1"]

1. e4 c5 2. Nf3 d6 3. d4 cxd4 4. Nxd4 Nf6 5. Nc3 a6 6. h4 e5 7. Nb3 Be7 8. Bg5 Nbd7 9. a4 b6 10. Bc4 Bb7 11. Nd5 Rc8 12. Qd3 Nxd5 13. Bxd5 Bxd5 14. exd5 Bxg5 15. hxg5 Qxg5 16. g3 Qg6 17. Qxa6 Qe4+ 18. Kd2 Qxc2+ 19. Ke1 Qe4+ 20. Kd2 Rc2+ 21. Kd1 Rxf2 0-1

[Event "Barcelona Sant Marti op-A 20th"]
[Site "Barcelona"]
[Date "2018.07.14"]
[Round "2"]
[White "Yang, Jack Nathaniel"]
[Black "Rusconi, Benito"]
[Result "1/2-1/2"]
[WhiteElo "1661"]
[BlackElo "1981"]
[PlyCount "138"]
[EventDate "2018.07.13"]
[EventType "swiss"]
[EventRounds "9"]
[EventCountry "ESP"]
[SourceTitle "CBM 185 Extra"]
[Source "ChessBase"]
[SourceDate "2018.07.29"]
[SourceVersion "1"]
[SourceVersionDate "2018.07.29"]
[SourceQuality "1"]

1. d4 d5 2. c4 e6 3. Nc3 Nf6 4. cxd5 exd5 5. Bg5 Nbd7 6. e3 Be7 7. Bd3 c6 8. Nf3 0-0 9. 0-0 Ne4 10. Bxe7 Qxe7 11. Qc2 Ndf6 12. Nd2 Re8 13. Rae1 g6 14. f3 Nxd2 15. Qxd2 Be6 16. a3 c5 17. Bc2 Rac8 18. Ba4 Red8 19. Bb3 Qc7 20. dxc5 Qxc5 21. Qd4 Qxd4 22. exd4 Rc6 23. Rf2 Nh5 24. g3 Ng7 25. Rd2 Nf5 26. Na4 b6 27. Nc3 a6 28. Kf2 Kf8 29. g4 Nh4 30. Kg3 g5 31. f4 h6 32. f5 Bxf5 33. gxf5 Nxf5+ 34. Kg4 Ne7 35. Bc2 Rf6 36. Kg3 Nc6 37. Bb3 Ne7 38. Rxe7 Kxe7 39. Nxd5+ Rxd5 40. Bxd5 Kd6 41. Ba2 Rf4 42. d5 h5 43. h3 h4+ 44. Kh2 f5 45. Rg2 g4 46. hxg4 fxg4 47. Re2 Rd4 48. Rg2 Rf4 49. Re2 Rd4 50. Re6+ Kc5 51. Rc6+ Kb5 52. Rc2 Ka5 53. Rg2 b5 54. d6 h3 55. Rc2 Rxd6 56. Kg3 Rh6 57. Rh2 Rg6 58. Bf7 Rg7 59. Be6 b4 60. axb4+ Kxb4 61. Re2 Rh7 62. Rh2 a5 63. Kxg4 Rg7+ 64. Kf3 Rg2 65. Rxg2 hxg2 66. Kxg2 a4 67. Ba2 a3 68. b3 Kc3 69. b4 Kxb4 1/2-1/2

[Event "Celerina op 11th"]
[Site "Celerina"]
[Date "2017.06.04"]
[Round "4"]
[White "Nester, Ihor"]
[Black "Rusconi, Benito"]
[Result "1/2-1/2"]
[WhiteElo "2328"]
[BlackElo "1975"]
[PlyCount "174"]
[EventDate "2017.06.03"]
[EventType "swiss"]
[EventRounds "5"]
[EventCountry "SUI"]
[SourceTitle "EXT 2018"]
[Source "ChessBase"]
[SourceDate "2017.10.13"]
[SourceVersion "1"]
[SourceVersionDate "2017.10.13"]
[SourceQuality "1"]

1. Nf3 Nf6 2. c4 g6 3. d4 Bg7 4. g3 d5 5. cxd5 Nxd5 6. Bg2 Nb6 7. 0-0 0-0 8. Nc3 Nc6 9. d5 Na5 10. e4 c6 11. Bg5 h6 12. Bf4 cxd5 13. exd5 Nac4 14. Qe2 Nxb2 15. Qxb2 Na4 16. Nxa4 Bxb2 17. Nxb2 g5 18. Bc1 e6 19. h4 f6 20. hxg5 hxg5 21. dxe6 Bxe6 22. Be3 Rf7 23. Na4 b6 24. Nc3 Rc8 25. Ne4 Bf5 26. Rfd1 Rd7 27. Rxd7 Bxd7 28. Rd1 Qe7 29. Rxd7 Qxe4 30. Rxa7 Ra8 31. Nd2 Qxg2+ 32. Kxg2 Rxa7 33. Bxb6 Rxa2 34. Ne4 Kf7 35. Bd8 Ra4 36. Kf3 f5 37. Nxg5+ Kg6 38. Nh3 Ra3+ 39. Kf4 Ra4+ 40. Kf3 Ra3+ 41. Kg2 Ra4 42. Nf4+ Kf7 43. Kh3 Ra8 44. Bb6 Rh8+ 45. Kg2 Rb8 46. Be3 Rd8 47. Kf3 Rg8 48. Ne2 Rg4 49. Bf4 Kf6 50. Nc3 Ke6 51. Nd1 Rg8 52. Ne3 Ra8 53. g4 fxg4+ 54. Kxg4 Kf7 55. Bg5 Ra3 56. Nf5 Ra2 57. f4 Rg2+ 58. Ng3 Rg1 59. f5 Rg2 60. Kf3 Rg1 61. Kf4 Rg2 62. Ne4 Rg1 63. Nd6+ Kg7 64. Be7 Rf1+ 65. Ke5 Re1+ 66. Ne4 Kf7 67. f6 Re3 68. Kf4 Re1 69. Ng5+ Kg6 70. Ne4 Rf1+ 71. Ke5 Kf7 72. Nd6+ Kg6 73. Ke6 Re1+ 74. Kd7 Rf1 75. Ke6 Re1+ 76. Kd5 Rd1+ 77. Ke5 Re1+ 78. Ne4 Kf7 79. Bd8 Ke8 80. Ba5 Re3 81. Kf5 Rf3+ 82. Ke6 Rf4 83. Ng5 Kf8 84. Bb4+ Kg8 85. Bd6 Rf1 86. Be5 Kf8 87. f7 Rf6+ 1/2-1/2

[Event "Zuerich op-A 40th"]
[Site "Zuerich"]
[Date "2016.12.29"]
[Round "5"]
[White "Portmann, Daniel"]
[Black "Rusconi, Benito"]
[Result "0-1"]
[WhiteElo "2066"]
[BlackElo "1910"]
[PlyCount "116"]
[EventDate "2016.12.26"]
[EventType "swiss"]
[EventRounds "7"]
[EventCountry "SUI"]
[SourceTitle "CBM 176 Extra"]
[Source "ChessBase"]
[SourceDate "2017.03.02"]
[SourceVersion "1"]
[SourceVersionDate "2017.03.02"]
[SourceQuality "1"]

1. c4 e5 2. e3 Nf6 3. Qc2 g6 4. Nf3 Nc6 5. a3 a5 6. Nc3 Bg7 7. Be2 0-0 8. 0-0 d5 9. cxd5 Nxd5 10. Nxd5 Qxd5 11. Bc4 Qd6 12. Rb1 Bf5 13. d3 Rad8 14. e4 Bg4 15. Nd2 Nd4 16. Qa4 b5 17. Bxb5 Nxb5 18. Qxb5 Be2 19. Qxa5 Bxf1 20. Nxf1 Qxd3 21. Ra1 Qxe4 22. Bg5 Rc8 23. Be7 Rfe8 24. Bb4 Qc2 25. Bc3 e4 26. Ne3 Bxc3 27. Qxc3 Qxc3 28. bxc3 Ra8 29. Nd5 Reb8 30. g4 Rb3 31. a4 c6 32. Nf6+ Kg7 33. Nxe4 f5 34. gxf5 gxf5 35. Ng3 Kf6 36. Ne2 Ra5 37. f4 Rb6 38. Kf2 Rba6 39. Rd1 Rd5 40. Ra1 c5 41. Ra2 Rad6 42. Ke1 Rd1+ 43. Kf2 R1d2 44. Rxd2 Rxd2 45. Ke3 Ra2 46. Nc1 Rxa4 47. Nd3 Re4+ 48. Kf3 Rc4 49. Ne5 Rxc3+ 50. Kf2 Ke6 51. h4 Rh3 52. Nf3 Rxf3+ 53. Kxf3 Kd5 54. Ke3 h5 55. Kd3 c4+ 56. Kc3 Kc5 57. Kc2 Kd4 58. Kd2 Ke4 0-1

[Event "Zuoz Engiadina op 23rd"]
[Site "Zuoz"]
[Date "2016.10.06"]
[Round "5"]
[White "Rusconi, Benito"]
[Black "Hoecker, Horst"]
[Result "1-0"]
[WhiteElo "1854"]
[BlackElo "1706"]
[PlyCount "127"]
[EventDate "2016.10.01"]
[EventType "swiss"]
[EventRounds "7"]
[EventCountry "SUI"]
[SourceTitle "EXT 2017"]
[Source "ChessBase"]
[SourceDate "2016.10.25"]
[SourceVersion "1"]
[SourceVersionDate "2016.10.25"]
[SourceQuality "1"]

1. e4 c5 2. Nf3 d6 3. d4 cxd4 4. Nxd4 Nf6 5. Nc3 a6 6. h3 e6 7. g4 Nc6 8. Bg2 e5 9. Nde2 b5 10. Be3 Be7 11. 0-0 Bb7 12. Ng3 g6 13. a4 b4 14. Nd5 Nxd5 15. exd5 Na7 16. f4 exf4 17. Bxf4 Qb6+ 18. Kh1 0-0 19. Bh6 Bh4 20. Ne4 Rfe8 21. g5 Rxe4 22. Bxe4 Qe3 23. Qf3 Qxf3+ 24. Bxf3 f5 25. gxf6 Bxf6 26. c3 bxc3 27. bxc3 Bc8 28. Bg2 Bf5 29. Rac1 Rc8 30. c4 Bb2 31. Rce1 Be5 32. Be3 Rc7 33. Bxa7 Rxa7 34. c5 Bc3 35. Rc1 Bb2 36. c6 Bxc1 37. Rxc1 Rc7 38. Rc3 Kg7 39. Rb3 Bc8 40. Kh2 g5 41. Bf3 Kf6 42. Kg3 h6 43. a5 Kg6 44. Re3 h5 45. Re8 h4+ 46. Kg2 Kf6 47. Rd8 Ke5 48. Kh2 Kf4 49. Bg2 Ke5 50. Rg8 Kf6 51. Bf3 Bf5 52. Kg2 Rc8 53. Rxc8 Bxc8 54. Kh2 Bf5 55. Bg2 Bc8 56. Bf3 Bf5 57. Bh5 Ke7 58. Kg2 Be4+ 59. Bf3 Bf5 60. Kh2 Kf6 61. Bg2 Bc8 62. Kg1 g4 63. hxg4 Bxg4 64. Kh2 1-0

[Event "Celerina op 10th"]
[Site "Celerina"]
[Date "2016.05.15"]
[Round "4"]
[White "Rusconi, Benito"]
[Black "Joller, Hans"]
[Result "0-1"]
[WhiteElo "1912"]
[BlackElo "1918"]
[PlyCount "55"]
[EventDate "2016.05.14"]
[EventType "swiss"]
[EventRounds "5"]
[EventCountry "SUI"]
[SourceTitle "CBM 172 Extra"]
[Source "ChessBase"]
[SourceDate "2016.06.21"]
[SourceVersion "1"]
[SourceVersionDate "2016.06.21"]
[SourceQuality "1"]

1. e4 Nf6 2. e5 Nd5 3. d4 d6 4. c4 Nb6 5. exd6 exd6 6. Nc3 Bf5 7. Be3 Nc6 8. Nf3 Be7 9. Be2 0-0 10. 0-0 Bf6 11. Rc1 Ne7 12. b3 c6 13. Qd2 Re8 14. Bg5 Nd7 15. d5 c5 16. Bf4 Bxc3 17. Rxc3 Nf6 18. Rcc1 Ne4 19. Qd1 Ng6 20. Be3 Qf6 21. Bd2 Re7 22. Bd3 Bg4 23. Bxe4 Rxe4 24. Bc3 Qf5 25. h3 Bxh3 26. gxh3 Qxh3 27. Nh2 Nh4 28. Bd2 0-1

[Event "Zuerich op-B 38th"]
[Site "Zuerich"]
[Date "2014.12.29"]
[Round "5"]
[White "Wegelin, Reinhard"]
[Black "Rusconi, Benito"]
[Result "1-0"]
[WhiteElo "1877"]
[BlackElo "1657"]
[PlyCount "65"]
[EventDate "2014.12.26"]
[EventType "swiss"]
[EventRounds "7"]
[EventCountry "SUI"]
[SourceTitle "CBM 164 Extra"]
[Source "ChessBase"]
[SourceDate "2015.03.02"]
[SourceVersion "1"]
[SourceVersionDate "2015.03.02"]
[SourceQuality "1"]

1. d4 f5 2. g4 fxg4 3. h3 gxh3 4. Nxh3 d5 5. Nc3 Nf6 6. Bg5 Bf5 7. e3 c6 8. Bd3 e6 9. Nf4 Bd6 10. Ng6 Rg8 11. Rxh7 Qb6 12. Na4 Qb4+ 13. c3 Qxa4 14. Qxa4 Nxh7 15. Bxf5 Nxg5 16. Bg4 Kd7 17. 0-0-0 Na6 18. f4 Nf7 19. Rf1 Nh8 20. f5 Nxg6 21. fxg6 Raf8 22. Rf7+ Rxf7 23. gxf7 Rh8 24. Qb3 Rh1+ 25. Kd2 b5 26. a4 Nc7 27. axb5 cxb5 28. Qc2 Rh2+ 29. Be2 Rf2 30. Qg6 Ke7 31. Qxg7 Rxf7 32. Qg5+ Ke8 33. Bh5 1-0